LEADER 01307nam a2200301 i 4500 001 000000344262 003 CaOOAMICUS 005 20210406143355.0 008 210211s2020 fr u000 u fre u 013 $a29494 020 $a978-2-204-13981-6 040 $aSeMil$bita 245 00$aVie de sainte Geneviève /$ctexte, introduction, traduction et notes Marie-Céline Isaïa, Florence Bret. 264 1$aParis :$bLes Éditions du Cerf,$c2020. 300 $a379 p. ;$c20 cm 490 1 $aSources chrétiennes ;$v610 504 $aBibliographie, p. [151]-157 546 $aTesto latino, traduzione e commento in francese 600 04$aGenoveffa .$0(OLS)http://semarc/subject/25924 700 1 $aBret, Florence,$d<1993- >.$0(OLS)http://semarc/name/113030 700 1 $aIsaïa, Marie-Céline,$d<1977- >.$0(OLS)http://semarc/name/113029 830 0$aSources chrétiennes ;$v610.$0(OLS)http://semarc/title/72 850 $aSeMil 852 $aSeMil$W1$xVenegono$y1$mSL1.U III 610$j224265$B235295$CSeMilBibl$Z2$F235295 $8I 996 $6020$a978-2-204-13981-6$9(OLS)http://semarc/number/292348 996 $6245$aVie de sainte Geneviève$9(OLS)http://semarc/title/433354 996 $6264$aParis :$bLes Éditions du Cerf$9(OLS)http://semarc/publisher/29611 LEADER 01789nas a2200289 i 4500 001 000000002764 003 CaOOAMICUS 005 20210507175459.0 008 180830c19519999fr fr p u0 0fre r 022 $a0556-7378 040 $aSeMil$bita 245 00$aRevue de Droit canonique. 260 $aStrasbourg :$bRdc,$c1951- 300 $a24 cm. 310 $aSemestrale 362 0 $a1951- 500 $aDimensioni variabili : 24-26 cm. - Dal 1990 (Tome 40) : Revue semestrielle. - In 197-2-12 : Tables Générales des Tomes 1 à 40 (1951-1990) ; in 197-2-25 : Index 1991-2000. - Alcuni numeri della rivista fanno parte anche della collana : Sources canoniques. 510 4 $aCod. rivista ACNP:$cP 58232 700 1 $aBernhard, Jean <1914-2006>.$0(OLS)http://semarc/name/2203 710 2 $aUniversité de Sciences Humaines .$0(OLS)http://semarc/name/2202 850 $aSeMil 852 $aSeMil$W1$xVenegono$y1$pCliccare per visualizzare collocazione, posseduto cumulativo e fascicoli ricevuti dell?annata corrente

Cliccare per visualizzare eventuali spogli (alla eventuale voce ?Indici? in fondo di pagina)$B228450$CSeMilBibl$Z2$F228450 $85 961 $aPubblicazione in abbonamento 996 $6022$a0556-7378$9(OLS)http://semarc/number/458 996 $6245$aRevue de Droit canonique$9(OLS)http://semarc/title/4691 996 $6260$aStrasbourg :$bRdc$9(OLS)http://semarc/publisher/30893